000 00626nas a2200217 4500
001 BR8903086
003 BR-BrBNA
005 20231205091617.0
007 ta
008 230509b bl.|||p| |||| 00| 00por d
040 _aBR-BrBNA
_bpor
_cBiblioteca Nacional de Agricultura
041 _a(Pt)
072 _aF01
100 1 _aFlesch, R.D.
245 1 _aComo implantar uma boa lavoura de feijao
650 _aFEIJAO
650 _aPRATICA CULTURAL
773 0 _tAgropecuaria Catarinense (Brazil)
_xISSN 0103-0779
_g(Sep 1988), v. 1(3) p. 53-54
_wBR8903086
909 _a202311
_bLúcia
_c55
_dLúcia Elande
942 _2AGRIS
_n0
_cANA
999 _c126159
_d126159